<?xml version="1.0" encoding="UTF-8"?>
<record
    xmlns:xsi="http://www.w3.org/2001/XMLSchema-instance"
    xsi:schemaLocation="http://www.loc.gov/MARC21/slim http://www.loc.gov/standards/marcxml/schema/MARC21slim.xsd"
    xmlns="http://www.loc.gov/MARC21/slim">

  <leader>02401nam a2200277 u 4500</leader>
  <controlfield tag="001">54227</controlfield>
  <controlfield tag="005">20260504074321.0</controlfield>
  <controlfield tag="008">960313s1986                        spa  </controlfield>
  <datafield tag="020" ind1=" " ind2=" ">
    <subfield code="a">9788434583641</subfield>
  </datafield>
  <datafield tag="035" ind1=" " ind2=" ">
    <subfield code="a">54227</subfield>
  </datafield>
  <datafield tag="035" ind1=" " ind2=" ">
    <subfield code="a">(OCoLC)778156958</subfield>
  </datafield>
  <datafield tag="040" ind1=" " ind2=" ">
    <subfield code="c">comduadb</subfield>
  </datafield>
  <datafield tag="041" ind1=" " ind2=" ">
    <subfield code="a">spa</subfield>
  </datafield>
  <datafield tag="082" ind1=" " ind2="4">
    <subfield code="a">599</subfield>
  </datafield>
  <datafield tag="100" ind1="1" ind2="0">
    <subfield code="a">Fossey, Dian</subfield>
    <subfield code="4">aut</subfield>
    <subfield code="e">aut</subfield>
    <subfield code="9">479601</subfield>
  </datafield>
  <datafield tag="245" ind1="1" ind2="0">
    <subfield code="a">Gorilas en la niebla : 13 a&#xF1;os viviendo entre gorilas</subfield>
  </datafield>
  <datafield tag="260" ind1=" " ind2=" ">
    <subfield code="a">Barcelona :</subfield>
    <subfield code="b">Salvat,</subfield>
    <subfield code="c">1986.</subfield>
  </datafield>
  <datafield tag="300" ind1=" " ind2=" ">
    <subfield code="a">264 p&#xE1;ginas :</subfield>
    <subfield code="b">ilustraciones.</subfield>
  </datafield>
  <datafield tag="490" ind1="0" ind2=" ">
    <subfield code="a">Biblioteca Cient&#xED;fica Salvat ;</subfield>
    <subfield code="v">2</subfield>
  </datafield>
  <datafield tag="520" ind1="3" ind2=" ">
    <subfield code="a">RESUMEN : "Los Montes Virunga son una agreste cadena de ocho volcanes situada en la frontera entre Zaire, Ruanda y Uganda. En sus cumbres -muchas de las cuales sobrepasan los 3,000 m de altitud - vive una reducida poblaci&#xF3;n de gorilas de monta&#xF1;a, la &#xFA;nica que queda en &#xC1;frica. Dian Fossey lleg&#xF3; a estos neblinosos parajes un d&#xED;a de enero de 1967, con la intenci&#xF3;n de estudiar la vida y costumbres de estos enormes y apacibles primates. A partir de aquella fecha, Dian emprendi&#xF3; una lucha tit&#xE1;nica contra la soledad, el h&#xFA;medo clima y los cazadores furtivos para lograr su objetivo. Pero el esfuerzo realizado tuvo su recompensa: al cabo de muchos meses de seguir casi diariamente a los gorilas en sus desplazamientos, Dian consigui&#xF3; por fin que &#xE9;stos toleraran su presencia entre ellos. Y dos a&#xF1;os m&#xE1;s tarde, Peanuts, un gorila macho del llamado grupo 8, toc&#xF3; su mano como muestra de amistad. Si quieres conocer las incre&#xED;bles semejanzas entre hombres y simios, si quieres leer sobre una vida de entrega y amor hacia los animales, no puedes perderte este libro. Dian Fossey dedic&#xF3; su vida al estudio y conservaci&#xF3;n de los gorilas de monta&#xF1;a, dej&#xE1;ndose la vida en ello. Este libro es su &#x201C;Cuaderno de Campo&#x201D; donde ella describi&#xF3; su vida y la de los gorilas que estudio. Con Digit, Beethoven... vivir&#xE1;s lo que significa el amor entre miembros de un grupo, el miedo al hombre, el dolor cuando mueren tus seres queridos. Sufrir&#xE1;s cuando caen en manos de cazadores furtivos, te emocionaras con sus incre&#xED;bles gestos de afecto, vivir&#xE1;s la tensi&#xF3;n de una pelea entre grupos."</subfield>
  </datafield>
  <datafield tag="650" ind1=" " ind2=" ">
    <subfield code="a">Gorilas - Conducta en los animales</subfield>
    <subfield code="9">43357</subfield>
  </datafield>
  <datafield tag="650" ind1=" " ind2="4">
    <subfield code="a">Primates</subfield>
    <subfield code="9">34638</subfield>
  </datafield>
  <datafield tag="650" ind1=" " ind2=" ">
    <subfield code="a">Fossey, Dian, 1932-1985</subfield>
    <subfield code="9">216931</subfield>
  </datafield>
  <datafield tag="650" ind1=" " ind2=" ">
    <subfield code="a">Primates - Conducta en los animales</subfield>
    <subfield code="9">38359</subfield>
  </datafield>
  <datafield tag="942" ind1=" " ind2=" ">
    <subfield code="c">BOOK</subfield>
  </datafield>
  <datafield tag="999" ind1=" " ind2=" ">
    <subfield code="c">36357</subfield>
    <subfield code="d">36357</subfield>
  </datafield>
  <datafield tag="952" ind1=" " ind2=" ">
    <subfield code="0">0</subfield>
    <subfield code="1">0</subfield>
    <subfield code="4">0</subfield>
    <subfield code="7">0</subfield>
    <subfield code="8">GEN</subfield>
    <subfield code="a">BC</subfield>
    <subfield code="b">BC</subfield>
    <subfield code="d">1996-07-17</subfield>
    <subfield code="e">Otros proveedores</subfield>
    <subfield code="g">730.00</subfield>
    <subfield code="i">C89127</subfield>
    <subfield code="l">0</subfield>
    <subfield code="o">599.884 F752g</subfield>
    <subfield code="p">0535763</subfield>
    <subfield code="r">2023-04-20 00:00:00</subfield>
    <subfield code="t">1</subfield>
    <subfield code="w">2023-04-20</subfield>
    <subfield code="y">BOOK</subfield>
  </datafield>
</record>
